000 00951na a2200277 4500
001 14151
003 MIRAKIL
005 20181213154826.0
008 160920b tu 000 0
035 _a14151
040 _aMilas
_btur
_cTR-AnCHP
082 _aATA 305.4
_bC26k 1982
090 _aATA 305.4 C26k 1982
100 _aCaporal, Bernard
245 _aKemalizmde ve kemalizm sonrasında Türk kadını
_b1919-1970
_cBernard Caporal
260 _aAnkara
_bTürkiye iş bankası kültür yayınları
_c1982
300 _axvi, 838 s.
_c20 sm.
490 _aTürkiye İş Bankası Kültür yayınları
_v233
490 _aAtatürk'ün Doğumunun 100. Yılı dizisi
_v9
504 _aKaynakça var.
600 _aAtatürk, Mustafa Kemal
_d1881-1938
650 _aKadınlar
_xToplumsal yaşam
_yTarih
_zTürkiye
650 _aKadınlar
_xSosyo ekonomik durum
_zTürkiye
650 _aKadınlar
_xHukuksal durum, yasalar vb.
942 _2dcc
_cBKS
999 _c1564
_d1564